000 00653nam a2200253Ia 4500
003 OSt
005 20221005125503.0
006 a|||||r|||| 00| 0
007 ta
008 221004b |||||||| |||| 00| 0 eng d
024 _a61882
037 _cTextual
040 _aCRL
_cCRL
_beng
041 _2eng
_aeng
082 _aS:7:6, K9
100 _aHumphreys Lioyd G
_9636749
245 0 _aPersonality assessment
260 _c1969
300 _avp.
_ccm.
490 _a(Eyewitness series in psychology, ed by Jozef Cohen, )
650 _aPSYCHOLOGY
942 _hS:7:6, K9
_cTEXL
_2cc
999 _c1054162
_d1054162